Missing Word: 'C' Names II Quiz Stats

Quiz Updated Nov 17, 2016

Challenge
Share
Tweet
Embed
Score 0/20 Timer 04:00
1 Play Today
Name Answer % Correct
Christopher _____Columbus
97.4%
_____ DiazCameron
94.7%
Julius _____Caesar
94.1%
_____ ElectraCarmen
93.9%
_____ UnderwoodCarrie
90.4%
Courteney _____Cox
88.7%
Eric _____Clapton
87.5%
_____ TatumChanning
83.3%
_____ TheronCharlize
82.4%
Cassius _____Clay
79.5%
Name Answer % Correct
_____ BucketCharlie
76%
Stephen _____Colbert
74.8%
Eric _____Cartman
73.5%
Count _____Chocula
72.5%
_____ RicciChristina
71.8%
e.e. _____cummings
60.8%
Oliver _____Cromwell
55.9%
_____ SmuldersCobie
32.2%
_____ KressleyCarson
29%
Colbie _____Caillat
27.9%

Today's Daily Dose

You're not logged in!

Compare scores with friends on all Sporcle quizzes.
Sign Up with Email
OR
Log In

You Might Also Like...

Show Comments

Extras

Top Quizzes Today


Score Distribution

Your Account Isn't Verified!

In order to create a playlist on Sporcle, you need to verify the email address you used during registration. Go to your Sporcle Settings to finish the process.